Administración y estrategia (Registro nro. 2606)
[ vista simple ]
| 000 -LEADER | |
|---|---|
| fixed length control field | 02158 a2200265 4500 |
| 001 - CONTROL NUMBER | |
| control field | 36069 |
| 005 - DATE AND TIME OF LATEST TRANSACTION | |
| control field | 20260407155638.0 |
| 008 - FIXED-LENGTH DATA ELEMENTS--GENERAL INFORMATION | |
| fixed length control field | 260407a1992 arg spa d |
| 003 - CONTROL NUMBER IDENTIFIER | |
| control field | AR-UNSa-BCEJYS |
| 040 ## - CATALOGING SOURCE | |
| Original cataloging agency | AR-UNSa-BCEJYS |
| Language of cataloging | spa |
| Transcribing agency | AR-UNSa-BCEJYS |
| 080 ## - UNIVERSAL DECIMAL CLASSIFICATION NUMBER | |
| Universal Decimal Classification number | 658.012.2 |
| Common auxiliary subdivision | Planificación. Programas. Planes. Medidas de apoyo a la planificación( Administración estratégica...) |
| 020 ## - INTERNATIONAL STANDARD BOOK NUMBER | |
| International Standard Book Number | 950-537-218-3 |
| 041 ## - LANGUAGE CODE | |
| Language code of text/sound track or separate title | spa |
| 100 1# - MAIN ENTRY--PERSONAL NAME | |
| Personal name | Hermida, Jorge Alfredo |
| 245 10 - TITLE STATEMENT | |
| Title | Administración y estrategia |
| 250 ## - EDITION STATEMENT | |
| Edition statement | 4a. ed |
| 264 #1 - PRODUCTION, PUBLICATION, DISTRIBUTION, MANUFACTURE, AND COPYRIGHT NOTICE | |
| Place of production, publication, distribution, manufacture | Buenos Aires : |
| Name of producer, publisher, distributor, manufacturer | Ediciones Macchi |
| Date of production, publication, distribution, manufacture, or copyright notice | 1992 |
| 300 ## - PHYSICAL DESCRIPTION | |
| Extent | 575 p. |
| Dimensions | 23 cm. |
| 505 ## - FORMATTED CONTENTS NOTE | |
| Formatted contents note | I. ¿Qué es la administración?: 1. ¿ Dónde está la administración? - 2. ¿Cuáles son las características de la empresa? - II. La administración tradicional (1900-1970): 3. La escuela cásicas(190071925) - 4. La escuela de relaciones humanas - 5. La escuela neoclásica(1925/1945)- 6. Las escuelas de sociología y de psicología (1935/1950) - 6. El modelo burocrático (1910/1950)- 8. La escuela de la teoría de la organización - 9. La teoría de los sistemas(1950/1970)- III. De la administración tradicional a la administración estratégica y competitiva (1970-1990): 10. Los impactos provocan la factura de la continuidad en las ideas tradicionales de la administración - 11. El planeamietno estratégico: El concepto de la estrategia y el análisis prospectivo - 12. Modelos de análisis de negocios (mezcla de productos y posicionamiento)- 13. La estretegia competitiva - 14. Las influencias del management japonés y los intentos de extrapolación a la cultura occidental - 15. Excelencia, cultura compartida, estructura y negociación - 16. Ventajas competitivas dinámicas a través de una cultura compartida para administrar negocios - 17. Globalización, alianzas, greening strategies a través de la calidad total, la estructura de reales y la atención al cliente. |
| 590 ## - LOCAL NOTE (RLIN) | |
| Local note | niveau_biblio:m niveau_hierar:0 |
| 700 1# - ADDED ENTRY--PERSONAL NAME | |
| Personal name | Serra, Roberto |
| 700 1# - ADDED ENTRY--PERSONAL NAME | |
| Personal name | Kastika, Eduardo |
| 856 41 - ELECTRONIC LOCATION AND ACCESS | |
| Uniform Resource Identifier | <a href="https://www.biblioeco.unsa.edu.ar/pmb/images/libros/L128090.jpg">https://www.biblioeco.unsa.edu.ar/pmb/images/libros/L128090.jpg</a> |
| Link text | Imagen de portada |
| Electronic format type | image/jpeg |
| 942 ## - ADDED ENTRY ELEMENTS (KOHA) | |
| Koha item type | |
| Withdrawn status | Lost status | Damaged status | Not for loan | Home library | Current library | Shelving location | Date acquired | Total checkouts | Full call number | Barcode | Date last seen | Price effective from | Koha item type |
|---|---|---|---|---|---|---|---|---|---|---|---|---|---|
| Biblioteca Prof. Eusebio Cleto del Rey | Biblioteca Prof. Eusebio Cleto del Rey | 07/04/2026 | 658.012.2 H554 4ed. | L70151 | 07/04/2026 | 07/04/2026 | Libro | ||||||
| Biblioteca Prof. Eusebio Cleto del Rey | Biblioteca Prof. Eusebio Cleto del Rey | 07/04/2026 | 658.012.2 H554 4ed. | L85249 | 07/04/2026 | 07/04/2026 | Libro | ||||||
| Biblioteca Prof. Eusebio Cleto del Rey | Biblioteca Prof. Eusebio Cleto del Rey | 07/04/2026 | 658.012.2 H554 4ed. | L85251 | 07/04/2026 | 07/04/2026 | Libro | ||||||
| Biblioteca Prof. Eusebio Cleto del Rey | Biblioteca Prof. Eusebio Cleto del Rey | 07/04/2026 | 658.012.2 H554 4ed. | L85250 | 07/04/2026 | 07/04/2026 | Libro | ||||||
| Biblioteca Prof. Eusebio Cleto del Rey | Biblioteca Prof. Eusebio Cleto del Rey | 07/04/2026 | 658.012.2 H554 4ed. | L70152 | 07/04/2026 | 07/04/2026 | Libro | ||||||
| Biblioteca Prof. Eusebio Cleto del Rey | Biblioteca Prof. Eusebio Cleto del Rey | 07/04/2026 | 658.012.2 H554 4ed. | L128090 | 07/04/2026 | 07/04/2026 | Libro |